000 00261nam a22001217a 4500
008 170530b xxu||||| |||| 00| 0 eng d
041 _aeng
080 _a94
100 _a17
101 _aSHH
245 _aSCIENCE IN HISTORY
_cBERNAL.J.D
942 _2udc
_cBK
999 _c15099
_d15099